Georgis' parasitology for veterinarians / (Record no. 3181)

000 -LEADER
fixed length control field 00901pam a2200253 a 4500
003 - CONTROL NUMBER IDENTIFIER
control field OSt
005 - DATE AND TIME OF LATEST TRANSACTION
control field 20210830063108.0
008 - FIXED-LENGTH DATA ELEMENTS--GENERAL INFORMATION
fixed length control field 980330s1999 paua b 001 0 eng
020 ## - INTERNATIONAL STANDARD BOOK NUMBER
International Standard Book Number 0721670970
040 ## - CATALOGING SOURCE
Transcribing agency DLC
050 00 - LIBRARY OF CONGRESS CALL NUMBER
Classification number SF810
Item number .A3 B74 1999
100 1# - MAIN ENTRY--PERSONAL NAME
Personal name Bowman, Dwight D.
245 10 - TITLE STATEMENT
Title Georgis' parasitology for veterinarians /
Statement of responsibility, etc. Dwight D. Bowman ; with a chapter on antiparasitic drugs by Randy Carl Lynn.
250 ## - EDITION STATEMENT
Edition statement 7th ed.
260 ## - PUBLICATION, DISTRIBUTION, ETC.
Place of publication, distribution, etc. Philadelphia :
Name of publisher, distributor, etc. W.B. Saunders Co.,
Date of publication, distribution, etc. c1999.
300 ## - PHYSICAL DESCRIPTION
Extent xii, 414 p. :
Other physical details ill. ;
Dimensions 27 cm.
504 ## - BIBLIOGRAPHY, ETC. NOTE
Bibliography, etc. note Includes bibliographical references and index.
650 #0 - SUBJECT ADDED ENTRY--TOPICAL TERM
Topical term or geographic name entry element Veterinary parasitology.
700 1# - ADDED ENTRY--PERSONAL NAME
Personal name Lynn, Randy Carl.
700 1# - ADDED ENTRY--PERSONAL NAME
Personal name Georgi, Jay R.,
Dates associated with a name 1928-
906 ## - LOCAL DATA ELEMENT F, LDF (RLIN)
a 7
b cbc
c orignew
d 1
e ocip
f 19
g y-gencatlg
942 ## - ADDED ENTRY ELEMENTS (KOHA)
Source of classification or shelving scheme
Koha item type Book
Suppress in OPAC SO
Holdings
Withdrawn status Lost status Source of classification or shelving scheme Damaged status Not for loan Permanent Location Current Location Shelving location Date acquired Source of acquisition Total Checkouts Full call number Barcode Date last seen Price effective from Koha item type Public note
          AU LIBRARY AU LIBRARY Open Shelf 19.11.2021 DONATION FROM MOI UNIVERSITY   SF810 .A3 B74 1999 28004424 30.08.2021 19.11.2021 Book SO

Powered by Koha